[Event "FIN-chT1A 1819"]
[Site "Finland"]
[Date "2019.02.09"]
[Round "6.8"]
[White "Ojala, Matias"]
[Black "Kesanen, Viljami"]
[Result "1/2-1/2"]
[WhiteElo "1815"]
[BlackElo "1765"]
[PlyCount "89"]
[EventDate "2018.09.15"]
[EventType "team-tourn"]
[EventRounds "7"]
[EventCountry "FIN"]
[SourceTitle "EXT 2020"]
[Source "ChessBase"]
[SourceDate "2019.10.17"]
[SourceVersion "1"]
[SourceVersionDate "2019.10.17"]
[SourceQuality "1"]
[WhiteTeam "Pori PSY"]
[BlackTeam "Tampere Tammer II"]
[WhiteTeamCountry "FIN"]
[BlackTeamCountry "FIN"]

1. d4 d5 2. Bf4 Nf6 3. e3 e6 4. c3 Bd6 5. Bg3 0-0 6. Nd2 Re8 7. Ngf3 Nc6 8. Ne5 Ne7 9. Bd3 c5 10. Qe2 cxd4 11. exd4 Qc7 12. f4 a6 13. Bh4 Ng6 14. Bg5 Be7 15. h4 Nf8 16. h5 h6 17. Bh4 b5 18. g4 N6h7 19. Bf2 Bb7 20. Be3 Rac8 21. Qg2 Qd8 22. a3 Bh4+ 23. Ke2 Bf6 24. Rhg1 Bxe5 25. fxe5 Ng5 26. Raf1 Nfh7 27. Nb3 Qe7 28. Nc5 Rf8 29. Kd2 Rxc5 30. dxc5 d4 31. Qe2 dxe3+ 32. Qxe3 Rd8 33. Kc2 Rd5 34. b4 Qc7 35. Re1 Rd8 36. Rgf1 Qc6 37. Rf4 Qd5 38. c4 bxc4 39. Bxc4 Qd7 40. Kc3 Qa4 41. Kb2 Qd7 42. Re2 Nf8 43. Kc3 Qa4 44. Kb2 Qd7 45. Kc3 1/2-1/2

[Event "FIN-chT2 Gp3 1718"]
[Site "Finland"]
[Date "2017.10.22"]
[Round "3.2"]
[White "Ojala, Matias"]
[Black "Pietarinen, Petri"]
[Result "0-1"]
[WhiteElo "1847"]
[BlackElo "2055"]
[PlyCount "84"]
[EventDate "2017.09.16"]
[EventType "team-tourn"]
[EventRounds "7"]
[EventCountry "FIN"]
[SourceTitle "EXT 2020"]
[Source "ChessBase"]
[SourceDate "2019.10.17"]
[SourceVersion "1"]
[SourceVersionDate "2019.10.17"]
[SourceQuality "1"]
[WhiteTeam "Pori PSY II"]
[BlackTeam "Tampere Tammer III"]
[WhiteTeamCountry "FIN"]
[BlackTeamCountry "FIN"]

1. d4 d5 2. Bf4 c5 3. e3 Nc6 4. c3 Nf6 5. Nd2 Bf5 6. Qb3 Qb6 7. dxc5 Qxb3 8. Nxb3 e5 9. Bg5 a5 10. a4 Bc2 11. Ra3 Ne4 12. Nf3 f6 13. Bh4 Bxb3 14. Rxb3 Nxc5 15. Rb6 0-0-0 16. b3 Ne4 17. Ba6 bxa6 18. Rxc6+ Kb7 19. Nxe5 fxe5 20. Bxd8 Kxc6 21. Bxa5 Bd6 22. Ke2 Nc5 23. Rb1 Rb8 24. Bb4 Ne4 25. f3 Bxb4 26. fxe4 Bxc3 27. exd5+ Kxd5 28. Kd3 Ba5 29. e4+ Ke6 30. Kc2 Rc8+ 31. Kb2 Bb4 32. Rd1 a5 33. Rd3 Rf8 34. Rg3 Rf2+ 35. Kb1 g6 36. h3 Re2 37. Rg4 Kd6 38. Kc1 Kc5 39. Kd1 Re1+ 40. Kc2 Kd4 41. Rg3 Re2+ 42. Kd1 Re3 0-1

[Event "FIN-chT2 Gp3 1718"]
[Site "Finland"]
[Date "2017.09.16"]
[Round "1.3"]
[White "Ojala, Matias"]
[Black "Koivunen, Jussi"]
[Result "0-1"]
[WhiteElo "1847"]
[BlackElo "2020"]
[PlyCount "130"]
[EventDate "2017.09.16"]
[EventType "team-tourn"]
[EventRounds "7"]
[EventCountry "FIN"]
[SourceTitle "EXT 2020"]
[Source "ChessBase"]
[SourceDate "2019.10.17"]
[SourceVersion "1"]
[SourceVersionDate "2019.10.17"]
[SourceQuality "1"]
[WhiteTeam "Pori PSY II"]
[BlackTeam "Pori PSY"]
[WhiteTeamCountry "FIN"]
[BlackTeamCountry "FIN"]

1. d4 d5 2. Bf4 Bf5 3. e3 e6 4. c4 Bxb1 5. Qxb1 Bb4+ 6. Kd1 Bd6 7. Bg3 Bxg3 8. hxg3 Nf6 9. Nf3 Nbd7 10. c5 Qe7 11. Qc2 c6 12. Bd3 h6 13. Rh4 e5 14. e4 dxe4 15. Bxe4 0-0-0 16. Bf5 Kb8 17. Bxd7 Rxd7 18. Qf5 Re8 19. Kc2 e4 20. Qe5+ Kc8 21. Qxe7 Rexe7 22. Nd2 Rxd4 23. Re1 h5 24. f3 g5 25. Rhxe4 Nxe4 26. Nxe4 Kd8 27. Kc3 Rd5 28. Rh1 g4 29. b4 Red7 30. fxg4 Rd3+ 31. Kc2 hxg4 32. Rh8+ Kc7 33. Nd6 R3xd6 34. cxd6+ Kxd6 35. Rh5 Ke6 36. a4 f5 37. Kc3 Ke5 38. Rh8 Re7 39. Ra8 a6 40. Rd8 Ke4 41. Rd1 Rf7 42. Kc4 b5+ 43. axb5 cxb5+ 44. Kc5 Rf6 45. Re1+ Kd3 46. Rf1 Kc3 47. Rf4 Kb3 48. Rf1 Rf8 49. Rf4 Rc8+ 50. Kb6 Rc4 51. Rxf5 Kxb4 52. Kxa6 Rc6+ 53. Kb7 Rg6 54. Rf1 Kc3 55. Re1 b4 56. Re3+ Kd4 57. Rb3 Kc4 58. Re3 Rd6 59. Kc7 Rd3 60. Re4+ Rd4 61. Re3 b3 62. Kc6 b2 63. Re1 Kc3 64. Kc5 Rd2 65. Re4 b1Q 0-1